01034nam a2200241 a 450000100080000000500110000800800410001910000230006024500820008326001240016530000160028949000480030552002630035365000260061665000120064265000130065465000230066765300090069065300240069965300240072365300260074765300190077321750922025-04-24 1988 bl uuuu u00u1 u #d1 aOLIVEIRA, V. H. de aPioneiros da agricultura acreanaba história do Acre.h[electronic resource] aIn: SEMINÁRIO AGROPECUÁRIO DO ACRE, 2., 1986, Rio Branco, AC. Anais... Rio Branco, AC: Embrapa-UEPAE Rio Brancoc1988 ap. 311-320. a(Embrapa-UEPAE Rio Branco. Documentos, 10). aConsiderando o desconhecimento público da importãncia desses pioneiros para o desbravamento das terras acreanas, o presente trabalho objetiva apresentar alguns dos principais nomes que figuraram nessa empreitada, como um subsídio para a história do Acre. aAgricultural research aHistory aHistoria aPesquisa Agrícola aAcre aAmazonia Occidental aAmazônia Ocidental aInvestigacion agraria aWestern Amazon